000
00307nam a2200133Ia 4500
008
100328s9999 xx 000 0 und d
082
_b
608
100
_a
Holt Henery
245
_a
Wanted For Murder
260
_b
Book Club
630
_a
Wanted For Murder
730
_a
Wanted For Murder
942
_c
BOOK
999
_c
496939
_d
496936